000 01518nam a2200385Ia 4500
001 ebr10661650
003 CaPaEBR
006 m u
007 cr cn|||||||||
008 100722s2010 nyua sb 001 0 eng d
010 _z 2010031182
020 _z1617612995 (softcover)
020 _z9781611221053
020 _z9781617612992 (softcover)
040 _aCaPaEBR
_cCaPaEBR
035 _a(OCoLC)705945331
050 1 4 _aRK652.5
_b.L58 2010eb
082 0 4 _a617.6
_223
100 1 _aLittle, Matthew J.
245 1 0 _aDental composites with nano-scaled fillers
_h[electronic resource] /
_cMatthew J. Little and Hao Fong.
260 _aNew York :
_bNova Science Publishers,
_cc2010.
300 _aviii, 50 p. :
_bill.
490 1 _aDental science, materials amd technology
490 1 _aNanotechnology science and technology
504 _aIncludes bibliographical references (P. [43]-45) and index.
533 _aElectronic reproduction.
_bPalo Alto, Calif. :
_cebrary,
_d2013.
_nAvailable via World Wide Web.
_nAccess may be limited to ebrary affiliated libraries.
650 0 _aDental resins.
650 0 _aComposite materials.
655 7 _aElectronic books.
_2local
700 1 _aFong, Hao,
_d1970-
710 2 _aebrary, Inc.
830 0 _aDental science, materials and technology series.
830 0 _aNanotechnology science and technology series.
856 4 0 _uhttp://site.ebrary.com/lib/rucke/Doc?id=10661650
_zAn electronic book accessible through the World Wide Web; click to view
999 _c169784
_d169784